| 000 | 00697nam a2200193 i 4500 | ||
|---|---|---|---|
| 001 | 132075 | ||
| 003 | ES-MaACL | ||
| 005 | 20260215063015.0 | ||
| 007 | t| | ||
| 008 | 070214s1966 sp r ||||1| spa d | ||
| 100 |
_aRodríguez Sahagún, Agustín, _d1932-1991 _9240884 |
||
| 245 | 1 | 0 |
_aEstudio económico de la industria harinera española y de su posible reestructuración / _cpor Agustín Rodríguez Sahagún. |
| 260 |
_aMadrid : _bGrupo Nacional Harinero, _c1966. |
||
| 300 |
_a94 p. : _bil. ; _c24 cm. |
||
| 650 | 4 |
_aIndustria harinera- _zEspaña. _9163842 |
|
| 710 | 2 |
_aGrupo Nacional Harinero (España) _94533 |
|
| 852 |
_aES-MaACL _jC-32566 _bR.63440 |
||
| 999 |
_c132075 _d132075 |
||